000 00405pab a2200169 454500
008 180718b2001 xxu||||| |||| 00| 0 eng d
100 _aHaidar, Salman
245 _aRequiem for a summit
260 _c2001
300 _ap.10
362 _a21 Jul
650 _aAgra summit
650 _aIndia - Foreign relations - Pakistan
650 _aInternational relations
773 _aHindu
909 _a50455
999 _c50455
_d50455